| 000 | 003200000a22001090004500 | ||
|---|---|---|---|
| 090 |
_aAS _bSeriadas |
||
| 245 | 1 | 0 | _aPeces de la Orinoquia colombiana: lista preliminar anotada |
| 041 | 0 | _aEspañol | |
| 100 | 1 |
_aCala, Plutarco _999085 |
|
| 942 | _cARTICULO | ||
| 773 | 1 |
_tLozania: Acta Zoológica Colombiana _3375 _h24 _q1-21 _d1977 |
|
| 999 |
_c15168 _d15168 |
||